Top 50 J. Cole Songs (2007-2013) - Statistics

General Stats
  • This quiz has been taken 76 times
  • The average score is 9 of 50
Answer Stats
# Song Album/Mixtape Year % Correct
34 Crooked Smile Born Sinner 2013
55%
1 Lights Please The Warm Up 2009
48%
12 In The Morning Friday Night Lights 2010
45%
2 Lost Ones Cole World: The Sideline Story 2011
42%
42 Can't Get Enough Cole World: The Sideline Story 2011
41%
35 Too Deep For The Intro Friday Night Lights 2010
38%
33 Let Nas Down Born Sinner 2013
35%
41 Nobody's Perfect Cole World: The Sideline Story 2011
35%
46 Before I'm Gone Friday Night Lights 2010
30%
19 Villematic Friday Night Lights 2010
30%
37 Dollar And A Dream II The Warm Up 2009
27%
4 Back To The Topic Friday Night Lights 2010
26%
44 Blow Up Friday Night Lights 2010
26%
50 Simba The Come Up Mixtape Vol. 1 2007
26%
13 2Face Friday Night Lights 2010
23%
25 Dead Presidents II The Warm Up 2009
23%
16 Grown Simba The Warm Up 2009
21%
10 Breakdown Cole World: The Sideline Story 2011
20%
3 Looking For Trouble *G.O.O.D. Fridays* 2010
20%
32 Miss America Born Sinner 2013
20%
6 Premeditated Murder Friday Night Lights 2010
20%
7 The Autograph Friday Night Lights 2010
20%
39 Home For The Holidays Friday Night Lights 2010
18%
17 Can I Holla At Ya Truly Yours 2013
17%
40 Farewell Friday Night Lights 2010
17%
14 Mo Money (Interlude) Born Sinner 2013
15%
5 Can I Live The Warm Up 2009
14%
30 Cole Summer Truly Yours 2 2013
14%
18 Cost Me A Lot Friday Night Lights 2010
14%
31 I Get Up The Warm Up 2009
14%
43 Losing My Balance Born Sinner 2013
14%
26 Never Told Cole World: The Sideline Story 2011
12%
27 Who Dat Cole World: The Sideline Story 2011
12%
22 Return Of Simba N/A 2011
9%
20 Lil Ghetto N**** The Come Up Mixtape Vol. 1 2007
6%
15 Tears For ODB Truly Yours 2013
6%
11 The Badness The Warm Up 2009
6%
36 Like A Star Any Given Sunday #1 2011
5%
21 Problems N/A 2010
5%
29 Rags To Riches The Come Up Mixtape Vol. 1 2007
5%
9 Water Break (Interlude) The Warm Up 2009
5%
23 How High We Got A Buzz Now 2011
3%
28 Killers The Glorification Of Gangster 2011
3%
48 Mighty Crazy The Come Up Mixtape Vol. 1 2007
3%
38 Unabomber Any Given Sunday #1 2011
3%
24 Purple Rain N/A 2010
2%
8 See It To Believe It N/A 2011
2%
47 Bun B For President N/A 2010
0%
45 Grew Up Fast N/A 2012
0%
49 I'm A Fool N/A 2012
0%
No matching quizzes found
Score Distribution
Percent of People with Each Score
Percentile by Number Answered
Your Score History
You have not taken this quiz